000 00333 a2200157 4500
001 163518
020 _a
040 _cMagnum
100 _aFabricio, Branca Falabella
240 1 0 _aStones and bones
_lING
245 1 0 _aStones and bones
362 0 _a1899
440 1 _aÁtica
697 _aLITERATURA ESTRANGEIRA
942 _cBK
999 _c163518
_d163518